|
|
|
|
| LEADER |
00000nbm0a2200000 4500 |
| 001 |
72079 |
| 005 |
20231031083108.0 |
| 035 |
|
|
|a (RuTPU)RU\TPU\book\76842
|
| 090 |
|
|
|a 72079
|
| 100 |
|
|
|a 20041230j20041221k y0rusy50 ca
|
| 101 |
0 |
|
|a rus
|
| 102 |
|
|
|a RU
|
| 105 |
|
|
|a a m 001zy
|
| 200 |
1 |
|
|a Процессы получения нанодисперсных оксидов с использованием электрохимического окисления металлов при действии переменного тока
|e диссертация на соискание ученой степени доктора технических наук
|e спец. 05.17.08
|f В. В. Коробочкин
|g Томский политехнический университет; науч. конс. В. И. Косинцев
|
| 210 |
|
|
|a Томск
|d 2004
|
| 215 |
|
|
|a 273 л.
|c ил.
|
| 229 |
|
|
|a Защищена 21.12.2004 г.
|
| 320 |
|
|
|a Библиогр.: с. 237-272 (361 назв.)
|
| 610 |
1 |
|
|a химическая технология
|
| 610 |
1 |
|
|a металлы
|
| 610 |
1 |
|
|a оксиды
|
| 610 |
1 |
|
|a нанодисперсные порошки
|
| 610 |
1 |
|
|a получение
|
| 610 |
1 |
|
|a свойства
|
| 610 |
1 |
|
|a электрохимическое окисление
|
| 610 |
1 |
|
|a кинетика
|
| 610 |
1 |
|
|a поляризация
|
| 610 |
1 |
|
|a электрохимический синтез
|
| 610 |
1 |
|
|a продукты
|
| 610 |
1 |
|
|a пористая структура
|
| 610 |
1 |
|
|a состав
|
| 610 |
1 |
|
|a процессы
|
| 610 |
1 |
|
|a математическое описание
|
| 610 |
1 |
|
|a технологические параметры
|
| 610 |
1 |
|
|a оксиды металлов
|
| 610 |
1 |
|
|a применение
|
| 610 |
1 |
|
|a перспективы
|
| 610 |
1 |
|
|a диссертации
|
| 610 |
1 |
|
|a труды учёных ТПУ
|
| 675 |
|
|
|a 661.811(04)
|v 3
|
| 686 |
|
|
|a 05.17.08
|2 oksvnk
|
| 700 |
|
1 |
|a Коробочкин
|b В. В.
|c российский химик-технолог
|c профессор Томского политехнического университета, доктор технических наук
|f 1951-
|g Валерий Васильевич
|2 stltpush
|3 (RuTPU)RU\TPU\pers\27915
|
| 702 |
|
1 |
|a Косинцев
|b В. И.
|c российский химик-технолог
|c профессор Томского политехнического университета, доктор технических наук
|f 1939-
|g Виктор Иванович
|2 stltpush
|3 (RuTPU)RU\TPU\pers\21969
|4 695
|
| 712 |
0 |
2 |
|a Томский политехнический университет
|2 stltpush
|3 (RuTPU)RU\TPU\col\376
|
| 801 |
|
1 |
|a RU
|b 63413507
|c 20041230
|g PSBO
|
| 801 |
|
2 |
|a RU
|b 63413507
|c 20130515
|g PSBO
|
| 942 |
|
|
|c BK
|